| 000 | 01938cam a22005414i 4500 | ||
|---|---|---|---|
| 003 | PE-LiUPU | ||
| 005 | 20250731180117.0 | ||
| 008 | 181218s2017 xxua r 000 0 eng d | ||
| 020 | _a1683440757 | ||
| 020 | _a9781683440758 | ||
| 035 | _a(Sirsi) a251082 | ||
| 040 |
_aPE-LiUPU _bspa _cPE-LiUPU _erda |
||
| 082 | 0 | 4 |
_a576.82 _bJ31 _223 |
| 100 | 1 |
_aJeanson, Nathaniel T., _eautor. |
|
| 245 | 1 | 0 |
_aReplacing Darwin : _bthe new Origin of Species/ _Nataniel T.Jeason. |
| 264 | 1 |
_aGreen Forest : _bNew Leaf Publishing Group, Inc., _c2017. |
|
| 300 |
_a335 páginas : _ilustraciones ; _c25 centímetros |
||
| 336 |
_atext _2rdacontent |
||
| 337 |
_aunmediated _2rdamedia |
||
| 338 |
_avolume _2rdacarrier |
||
| 505 | 0 | _aA Field Is Born -- The Secret of Life -- Cracking the Code -- Color Plate Section -- All Things (re) Considered -- The Riddle of Geography -- The Riddle of Ancestry -- A Stitch in Time -- Dawn of a New Era -- Turning the (time) Tables -- A Preexisting Answer -- From DNA to Visible Traits -- On the Origin of New Species. | |
| 526 | _aSEG44 | ||
| 526 | _aSEG26 | ||
| 526 | _aP159 | ||
| 526 | _aP155 | ||
| 526 | _aP154 | ||
| 526 | _aP153 | ||
| 526 | _aP150 | ||
| 526 | _aP100 | ||
| 526 | _aP31 | ||
| 526 | _aP30 | ||
| 526 | _aP26 | ||
| 526 | _aP25 | ||
| 526 | _aP24 | ||
| 526 | _aP22 | ||
| 526 | _aP15 | ||
| 526 | _aP10 | ||
| 650 | 0 |
_aCélulas _xevolución. |
|
| 650 | 4 | _aBiología del desarrollo. | |
| 650 | 4 |
_aEvolución _9946 |
|
| 650 | 0 |
_aCiencia _xLife Sciences _xEvolution. |
|
| 910 |
_adbm _brri _crri _d20181218 |
||
| 942 |
_2ddc _cBOOK |
||
| 994 |
_aC0 _bPEPRU |
||
| 596 | _a1 | ||
| 999 |
_a576.82 J31 _wDEWEY _c30533 _i79364 _f2021-11-5 _g5 _lCCODEBUL1 _mBUL _p12.00 _r0 _sY _tBOOK _u2018-12-18 _xBIBLIOTECA _PP85 _0COMPRA _1FCOMPR2 _o.STAFF. Colección Teología _d30533 |
||
| 980 |
_81 _gALBERTO SANCHEZ Responsable de Automatización |
||